| 000 | 00643nam a2200193 i 4500 | ||
|---|---|---|---|
| 001 | 183904 | ||
| 003 | ES-MaACL | ||
| 005 | 20251011063200.0 | ||
| 007 | t| | ||
| 008 | 141120s1908 cu ||||1| spa d | ||
| 080 | _a821.134.2(729.1)-4"19" | ||
| 100 | 1 |
_aRodríguez García, José Antonio, _d1864-1934 _998540 |
|
| 245 | 1 | 0 |
_aDías de guerra / _cpor José A. Rodríguez García. |
| 260 |
_aHabana : _b[s.n.], _c1908 ( _fImprenta de Cerdeira) |
||
| 300 |
_a31 p. ; _c21 cm. |
||
| 500 | _aEn la cubierta: De enseñanza, Notas literarias, Días de Guerra. Reparto 2º. | ||
| 852 |
_aES-MaACL _jT-1140-F-5 |
||
| 999 |
_c183904 _d183904 |
||